- Torres-Rivas, Edelberto
Entry Nombre Personal
001 - NUMERO DE CONTROL
- campo de control: 50384
003 - IDENTIFICADOR DE NUMERO DE CONTROL
- campo de control: DLC
005 - FECHA Y HORA DE LA ÜLTIMA TRANSACCIÓN
- campo de control: 20231020184952.0
008 - DATOS DE LONGITUD FIJA
- campo de control de longitud fija: 800418nn acnnnbabn |n aaa
010 ## - NÚMERO DE CONTROL DE LA BIBLIOTECA DEL CONGRESO
- Número de control LC: n 50016898
035 ## - NUMERO DE CONTROL
- Número de control: (OCoLC)oca00052349
040 ## - FUENTE DE CATALOGACIÓN
- Agencia original de catalogación: DLC
- Lenguaje de catalogación: spa
- Description conventions: rda
- Agencia de transcripción: DLC
- Agencia que lo modifica: DLC
- Agencia que lo modifica: ViU
- Agencia que lo modifica: OCoLC
- Agencia que lo modifica: UPB
- Agencia que lo modifica: CSt
- Agencia que lo modifica: MX-MrUMS
- Agencia que lo modifica: OCoLC
- Agencia que lo modifica: MX-MxUPN
046 ## - FECHAS CON CODIFICACIÓN ESPECIAL
- Fecha de nacimiento: 1931-11-22
- Fuente del formato de fecha: edtf
100 1# - ENCABEZAMIENTO - NOMBRE PERSONAL
- Nombre personal: Torres-Rivas, Edelberto
372 ## - CAMPO DE ACTIVIDAD
- Field of activity: Sociology
- Fuente del término: lcsh
373 ## - GRUPO ASOCIADO
- Associated group: FLACSO (Organization)
- Associated group: United Nations Development Programme
- Fuente del término: naf
374 ## - OCUPACIÓN
- Occupation: Consultants
- Occupation: Executives
- Fuente del término: lcsh
377 ## - LENGUA ASOCIADA
- Language code: spa
400 1# - VEÁSE - NOMBRE DE PERSONA
- Personal name: Rivas, Edelberto Torres-
400 1# - VEÁSE - NOMBRE DE PERSONA
- Personal name: Torres R., Edelberto
- Fuller form of name: (Torres Rivas)
400 1# - VEÁSE - NOMBRE DE PERSONA
- Personal name: Torres Rivas, E.
- Fuller form of name: (Edelberto)
670 ## - FUENTE EN LA QUE SE LOCALIZARON DATOS
- Cita de la fuente: Procesos y estructuras de una sociedad dependiente, 1969.
670 ## - FUENTE EN LA QUE SE LOCALIZARON DATOS
- Cita de la fuente: Aguilera Peralta, G.E. Raíces y perspectivas de la ... 1986:
- Información localizada: reverso de la portada (Edelberto Torres-Rivas; Edelberto Torres R.)
670 ## - FUENTE EN LA QUE SE LOCALIZARON DATOS
- Cita de la fuente: Central America, 1988:
- Información localizada: CIP portada (Edelberto Torres Rivas)
670 ## - FUENTE EN LA QUE SE LOCALIZARON DATOS
- Cita de la fuente: History and society in Central America, 1993:
- Información localizada: CIP t.p. (Edelberto Torres-Rivas) data sheet (b. Nov. 22, 1931)
670 ## - FUENTE EN LA QUE SE LOCALIZARON DATOS
- Cita de la fuente: Ciudadania y desarrollo humano, 2007:
- Información localizada: page 342 (Edelberto Torres-Rivas. Licenciado en Ciencias Juridicas y Sociales, master y doctor en Sociología en FLACSO y ESSEX [Inglaterra]. Fue director fundador del Programa Centroamericano de Ciencias Sociales en Costa Rica y secretario general de FLACSO. Se desempeña como consultor regional en el PNUD en Guatemala)
670 ## - FUENTE EN LA QUE SE LOCALIZARON DATOS
- Cita de la fuente: Mittelamerika, c1995:
- Información localizada: portada (Edelberto Torres Rivas) cover (E. Torres Rivas)
670 ## - FUENTE EN LA QUE SE LOCALIZARON DATOS
- Cita de la fuente: Interpretación del desarrollo social centroamericano, 1971 :
- Información localizada: portada (Edelberto Torres Rivas)
902 ## - CATALOGADOR
- Catalogador: VíctorGodínez/201023
